000
00264nam a22001217a 4500
008
180202b xxu||||| |||| 00| 0 eng d
041
_a
eng
080
_a
37
100
_a
47
101
_a
EDU
245
_a
Extra-curricular activities
_c
Kown,H.C
942
_2
udc
_c
BK
999
_c
41646
_d
41646